| 000 | 00492nam a2200169Ia 4500 | ||
|---|---|---|---|
| 008 | 250428s9999 xx 000 0 und d | ||
| 020 | _a978-1-4842-9267-9 | ||
| 082 | _a658.575 CHA | ||
| 100 | _a Chapman, Chris | ||
| 245 | 0 | _aQuantitative user experience research: informing product decisions by understanding users at scale | |
| 250 | _aN/A | ||
| 260 |
_aNew York: _bApress _c2023 |
||
| 300 | _a374p. | ||
| 600 | _aManagement | ||
| 650 | _aManagement and Social Sciences | ||
| 942 | _cBK | ||
| 999 |
_c27305 _d27305 |
||